00970nam a22002175i 450000100060000000300090000600500170001500700030003200800410003502000180007604000220009408000230011611000440013924502860018326000660046930000210053560000600055661000590061670000440067585200330071912436ES-MaACL20230906150318.0t|950322s1983 sp ||||0| spa j a84-500-9480-1 aM-BN bspa cM-BN a930.255(460.27 M.)2 aArchivo Histórico Nacional (España)10aPapeles de don Luis Araquistain Quevedo / cordenados por María Dolores de la Infiesta, Asunción de Navascués y María de la Concepción Sanz ; bajo la dirección de María Teresa de la Peña, con la colaboración de María Angeles Ortega ; prólogo de Javier Tusell. a[Madrid] : bSubdirección General de Archivos, cD.L. 1983. a164 p ; c22 cm.14aAraquistáin, Luis,d1886-1959-xArchivo-vCatálogos27aArchivo Histórico Nacional (España)-vCatálogos.1 aPeña Marazuela, María Teresa de la. aES-MaACLjL-19736 bR.123395